Spatial ecology / (Record no. 18539)
[ view plain ]
| 000 -LEADER | |
|---|---|
| fixed length control field | 01400cam a2200349 a 4500 |
| 001 - CONTROL NUMBER | |
| control field | 15765116 |
| 003 - CONTROL NUMBER IDENTIFIER | |
| control field | OSt |
| 005 - DATE AND TIME OF LATEST TRANSACTION | |
| control field | 20211116152525.0 |
| 008 - FIXED-LENGTH DATA ELEMENTS--GENERAL INFORMATION | |
| fixed length control field | 090605s2010 fluaf b 001 0 eng |
| 010 ## - LIBRARY OF CONGRESS CONTROL NUMBER | |
| LC control number | 2009021500 |
| 020 ## - INTERNATIONAL STANDARD BOOK NUMBER | |
| International Standard Book Number | 9781420059854 ( alk. paper) |
| 020 ## - INTERNATIONAL STANDARD BOOK NUMBER | |
| International Standard Book Number | 1420059858 ( alk. paper) |
| 035 ## - SYSTEM CONTROL NUMBER | |
| System control number | (OCoLC)ocn144226507 |
| 040 ## - CATALOGING SOURCE | |
| Original cataloging agency | DLC |
| Transcribing agency | HU |
| Modifying agency | BTCTA |
| -- | BAKER |
| -- | YDXCP |
| -- | C#P |
| -- | BWX |
| -- | CDX |
| -- | DLC |
| 050 00 - LIBRARY OF CONGRESS CALL NUMBER | |
| Classification number | QH541.15.S62 |
| Item number | S615 2010 |
| 082 00 - DEWEY DECIMAL CLASSIFICATION NUMBER | |
| Classification number | 577.015/118 |
| Edition number | 22 |
| 245 00 - TITLE STATEMENT | |
| Title | Spatial ecology / |
| Statement of responsibility, etc. | edited by Stephen Cantrell, Chris Cosner, Shigui Ruan. |
| 260 ## - PUBLICATION, DISTRIBUTION, ETC. | |
| Place of publication, distribution, etc. | Boca Raton : |
| Name of publisher, distributor, etc. | CRC Press, |
| Date of publication, distribution, etc. | c2010. |
| 300 ## - PHYSICAL DESCRIPTION | |
| Extent | xxii, 362 p., [4] p. of plates : |
| Other physical details | ill. (some col.) ; |
| Dimensions | 25 cm. |
| 490 1# - SERIES STATEMENT | |
| Series statement | Chapman & Hall/CRC mathematical and computational biology series |
| 500 ## - GENERAL NOTE | |
| General note | "A Chapman & Hall book." |
| 504 ## - BIBLIOGRAPHY, ETC. NOTE | |
| Bibliography, etc. note | Includes bibliographical references and index. |
| 650 #0 - SUBJECT ADDED ENTRY--TOPICAL TERM | |
| Topical term or geographic name entry element | Spatial ecology. |
| 9 (RLIN) | 18475 |
| 650 #0 - SUBJECT ADDED ENTRY--TOPICAL TERM | |
| Topical term or geographic name entry element | Spatial ecology |
| General subdivision | Mathematical models. |
| 9 (RLIN) | 12124 |
| 700 1# - ADDED ENTRY--PERSONAL NAME | |
| Personal name | Cantrell, Robert Stephen. |
| 9 (RLIN) | 18713 |
| 700 1# - ADDED ENTRY--PERSONAL NAME | |
| Personal name | Cosner, Chris. |
| 9 (RLIN) | 18714 |
| 700 1# - ADDED ENTRY--PERSONAL NAME | |
| Personal name | Ruan, Shigui, |
| Dates associated with a name | 1963- |
| 9 (RLIN) | 18715 |
| 830 #0 - SERIES ADDED ENTRY--UNIFORM TITLE | |
| Uniform title | Chapman and Hall/CRC mathematical & computational biology series. |
| 9 (RLIN) | 2994 |
| 906 ## - LOCAL DATA ELEMENT F, LDF (RLIN) | |
| a | 7 |
| b | cbc |
| c | orignew |
| d | 1 |
| e | ecip |
| f | 20 |
| g | y-gencatlg |
| 942 ## - ADDED ENTRY ELEMENTS (KOHA) | |
| Source of classification or shelving scheme | Dewey Decimal Classification |
| Koha item type | Books like text book referance book |
| Suppress in OPAC | No |
| Withdrawn status | Lost status | Source of classification or shelving scheme | Damaged status | Not for loan | Collection code | Home library | Current library | Shelving location | Date acquired | Total Checkouts | Full call number | Barcode | Date last seen | Copy number | Price effective from | Koha item type |
|---|---|---|---|---|---|---|---|---|---|---|---|---|---|---|---|---|
| Dewey Decimal Classification | Non-fiction | Wondo Genet Library | Wondo Genet Library | General Stacks | 11/16/2021 | 577.015/118 SPA 2010 | WGCFNRL00006895 | 11/16/2021 | 1 | 11/16/2021 | Books like text book referance book |